Islands of hope : (Record no. 16038)

000 -LEADER
fixed length control field 01206cam a2200349 a 4500
001 - CONTROL NUMBER
control field 16591070
005 - DATE AND TIME OF LATEST TRANSACTION
control field 20170105102931.0
008 - FIXED-LENGTH DATA ELEMENTS--GENERAL INFORMATION
fixed length control field 101227s2010 pk b 000 0beng
010 ## - LIBRARY OF CONGRESS CONTROL NUMBER
LC control number 2010344794
020 ## - INTERNATIONAL STANDARD BOOK NUMBER
International Standard Book Number 9789694025421
025 ## - OVERSEAS ACQUISITION NUMBER
Overseas acquisition number P-E-2010344794; 20
037 ## - SOURCE OF ACQUISITION
Source of stock number/acquisition Library of Congress -- Islamabad Overseas Office
Terms of availability Rs 1095
040 ## - CATALOGING SOURCE
Original cataloging agency DLC
Transcribing agency DLC
042 ## - AUTHENTICATION CODE
Authentication code lcode
-- pcc
043 ## - GEOGRAPHIC AREA CODE
Geographic area code a-pk---
-- a-bg---
050 00 - LIBRARY OF CONGRESS CALL NUMBER
Classification number HV40.32.K467
Item number I85 2010
082 ## - DEWEY DECIMAL CLASSIFICATION NUMBER
Classification number 362.578095491
Author Mark ISL 2010
245 00 - TITLE STATEMENT
Title Islands of hope :
Remainder of title recollections of Dr. Akhtar Hameed Khan /
Statement of responsibility, etc. compiled by AHK Resource Centre.
260 ## - PUBLICATION, DISTRIBUTION, ETC.
Place of publication, distribution, etc. Lahore :
Name of publisher, distributor, etc. Vanguard Books,
Date of publication, distribution, etc. 2010.
300 ## - PHYSICAL DESCRIPTION
Extent xiii, 242 p. ;
Dimensions 25 cm.
504 ## - BIBLIOGRAPHY, ETC. NOTE
Bibliography, etc. note Includes bibliographical references (p. [229]-233).
600 10 - SUBJECT ADDED ENTRY--PERSONAL NAME
Personal name Khan, Akhter Hameed.
610 20 - SUBJECT ADDED ENTRY--CORPORATE NAME
Corporate name or jurisdiction name as entry element Orangi Pilot Project.
650 #0 - SUBJECT ADDED ENTRY--TOPICAL TERM
Topical term or geographic name entry element Social scientists
Geographic subdivision Pakistan
Form subdivision Biography.
650 #0 - SUBJECT ADDED ENTRY--TOPICAL TERM
Topical term or geographic name entry element Social scientists
Geographic subdivision Bangladesh
Form subdivision Biography.
650 #0 - SUBJECT ADDED ENTRY--TOPICAL TERM
Topical term or geographic name entry element Poor
General subdivision Services for
Geographic subdivision Pakistan.
650 #0 - SUBJECT ADDED ENTRY--TOPICAL TERM
Topical term or geographic name entry element Non-governmental organizations
Geographic subdivision Pakistan.
710 2# - ADDED ENTRY--CORPORATE NAME
Corporate name or jurisdiction name as entry element AHK Resource Centre.
906 ## - LOCAL DATA ELEMENT F, LDF (RLIN)
a 7
b cbc
c origode
d 3
e ncip
f 20
g y-gencatlg
942 ## - ADDED ENTRY ELEMENTS (KOHA)
Source of classification or shelving scheme
Koha item type Book
Holdings
Withdrawn status Lost status Damaged status Not for loan Collection code Permanent Location Current Location Shelving location Date acquired Total Checkouts Full call number Barcode Date last seen Price effective from Koha item type
          Centre for International Peace & Stability (CIPS) Centre for International Peace & Stability (CIPS) General Stacks 01/06/2014   362.578095491 ISL 2010 CIPSD0000084 02/19/2014 02/19/2014 Book
© 2023 Central Library, National University of Sciences and Technology. All Rights Reserved.